[Event "Bergens SK Vårturnering 2020"]
[Site "Bergens Schakklub"]
[Date "2020.01.14"]
[Round "1"]
[White "Larsen, Stig Børje"]
[Black "Mansoor, Afras"]
[Result "0-1"]
[WhiteElo "1758"]
[BlackElo "2081"]
[PlyCount "138"]
[EventDate "2020.??.??"]

1. e4 e5 2. Nf3 Nc6 3. Bc4 Bc5 4. c3 Nf6 5. d4 exd4 6. cxd4 Bb4+ 7. Nbd2 Nxe4
8. O-O Nxd2 9. Bxd2 Bxd2 10. d5 Ne7 11. d6 cxd6 12. Qxd2 d5 13. Bxd5 O-O 14.
Rfe1 d6 15. b3 Nxd5 16. Qxd5 Qb6 17. Ng5 Qc5 18. Rad1 h6 19. Ne4 Qxd5 20. Rxd5
Be6 21. Rxd6 Rac8 22. Red1 Rc2 23. R6d2 Rfc8 24. f3 Kf8 25. Kf1 Ke7 26. Rxc2
Rxc2 27. Rd2 Rxd2 28. Nxd2 Kd6 29. Ne4+ Kd5 30. Ke2 f5 31. Nc3+ Kc5 32. f4 a6
33. Kd3 b5 34. g3 Bd7 35. Ne2 Bc6 36. a3 a5 37. Nd4 Be4+ 38. Ke3 g6 39. Ne6+
Kd5 40. Nc7+ Kc6 41. Ne6 Bd5 42. Nd4+ Kc5 43. Kd3 Be4+ 44. Ke3 a4 45. g4 axb3
46. Nxb3+ Kd5 47. gxf5 Bxf5 48. Nc1 Kc4 49. Kd2 Kd4 50. Ne2+ Ke4 51. Nc3+ Kxf4
52. Nxb5 Kg4 53. Nd6 Bd7 54. Nf7 Be6 55. Ne5+ Kf5 56. Nf3 Ke4 57. Ng1 Bc4 58.
a4 Ba6 59. a5 Bb5 60. h3 Ba6 61. h4 Kf4 62. Ke1 Kg4 63. Kf2 Kxh4 64. Nf3+ Kg4
65. Nh2+ Kf4 66. Kg2 g5 67. Kh3 h5 68. Kg2 g4 69. Nf1 h4
0-1

[Event "Bergens SK Vårturnering 2020"]
[Site "Bergens Schakklub"]
[Date "2020.01.14"]
[Round "1"]
[White "Rasmussen, Jonas H"]
[Black "Christoffersen, Odd"]
[Result "1/2-1/2"]
[WhiteElo "1946"]
[BlackElo "1597"]
[PlyCount "112"]
[EventDate "2020.??.??"]

1. d4 Nf6 2. Nf3 e6 3. g3 d5 4. Bg2 Be7 5. O-O b6 6. c4 Bb7 7. b3 Nbd7 8. Bb2
Ne4 9. Nfd2 Nxd2 10. Nxd2 Nf6 11. Qc2 O-O 12. Rfe1 Qd7 13. e4 dxe4 14. Nxe4
Nxe4 15. Bxe4 Bxe4 16. Qxe4 Bf6 17. Rad1 Rfd8 18. Re2 c6 19. Red2 Qc7 20. Ba3
Re8 21. Qf3 Rad8 22. Rd3 Rd7 23. Bc1 Be7 24. h4 h6 25. Qg4 Kh8 26. d5 cxd5 27.
Bb2 Bf8 28. Qh5 Kg8 29. cxd5 exd5 30. Rxd5 Red8 31. Rxd7 Rxd7 32. Rc1 Qb7 33.
Qe2 Qd5 34. Qe3 Re7 35. Qc3 Rd7 36. Qc8 Rd8 37. Qc3 f6 38. Qc2 Bc5 39. Rf1 Qf3
40. Kh2 Qd3 41. Qc1 Qe2 42. Kg2 Rd2 43. b4 Qe4+ 44. Kg1 Rc2 45. Qb1 Bxb4 46.
Bd4 Bd6 47. Re1 Qc6 48. Qb3+ Qc4 49. Qe3 Rxa2 50. Qe8+ Kh7 51. Qe4+ Kg8 52.
Qa8+ Kh7 53. Qe4+ Kg8 54. Qa8+ Kh7 55. Qe4+ Kg8 56. Qa8+ Kh7
1/2-1/2

[Event "Bergens SK Vårturnering 2020"]
[Site "Bergens Schakklub"]
[Date "2020.01.14"]
[Round "1"]
[White "Grønnestad, Anita"]
[Black "Solli, Jarle"]
[Result "1/2-1/2"]
[WhiteElo "1950"]
[BlackElo "1718"]
[PlyCount "83"]
[EventDate "2020.??.??"]

1. c4 Nf6 2. g3 g6 3. Bg2 Bg7 4. Nc3 e6 5. e4 O-O 6. Nge2 c5 7. e5 Ne8 8. f4 d6
9. d4 cxd4 10. Qxd4 Nc6 11. Bxc6 bxc6 12. Ne4 Bb7 13. O-O dxe5 14. fxe5 Qxd4+
15. Nxd4 Bxe5 16. Be3 Bg7 17. Nc5 Bxd4 18. Bxd4 Bc8 19. Rae1 Ng7 20. g4 e5 21.
Bxe5 Bxg4 22. Rf4 Bf5 23. Ne4 Nh5 24. Rh4 Bxe4 25. Rhxe4 Rfe8 26. Bd4 Rxe4 27.
Rxe4 Ng7 28. Bxg7 Kxg7 29. Re7 a5 30. Rc7 Ra6 31. Kf2 Kf6 32. Ke3 a4 33. c5 Ke6
34. Kd4 h5 35. h4 f6 36. Rg7 Kf5 37. Rb7 Ra8 38. Rc7 Ra6 39. Rb7 Ra8 40. Rc7
Ra6 41. Rb7 Ra8 42. Rc7
1/2-1/2

[Event "Bergens SK Vårturnering 2020"]
[Site "Bergens Schakklub"]
[Date "2020.01.14"]
[Round "1"]
[White "Eriksen, Olai Dyrhaug"]
[Black "Aartun, Magnus"]
[Result "1-0"]
[WhiteElo "1631"]
[BlackElo "1787"]
[PlyCount "39"]
[EventDate "2020.??.??"]

1. d4 Nf6 2. c4 e6 3. Nf3 c5 4. g3 cxd4 5. Nxd4 Bc5 6. Bg2 Qb6 7. e3 O-O 8. O-O
d5 9. cxd5 Nxd5 10. Nb3 Rd8 11. Nxc5 Nxe3 12. Bxe3 Rxd1 13. Rxd1 Nc6 14. Bxc6
h5 15. Be4 f5 16. Nxe6 Qxb2 17. Bd5 Kh7 18. Ng5+ Kg6 19. Bf7+ Kh6 20. Rd6+
1-0

[Event "Bergens SK Vårturnering 2020"]
[Site "Bergens Schakklub"]
[Date "2020.01.14"]
[Round "1"]
[White "Hina, Ariza"]
[Black "Sørensen, Simen"]
[Result "0-1"]
[WhiteElo "1676"]
[BlackElo "2034"]
[PlyCount "48"]
[EventDate "2020.??.??"]

1. e4 c5 2. Nc3 e6 3. f4 Nc6 4. Nf3 a6 5. a4 d5 6. exd5 exd5 7. d4 Nf6 8. Be2
cxd4 9. Nxd4 Bc5 10. Nb3 Ba7 11. Bf3 O-O 12. Ne2 Qb6 13. Rf1 Ng4 14. a5 Qc7 15.
h3 Nh2 16. Rh1 Nxf3+ 17. gxf3 Qe7 18. Qd3 Re8 19. Rh2 Nb4 20. Qc3 Bf5 21. Kd1
Bxc2+ 22. Ke1 Rac8 23. Qd2 Bxb3 24. Kf1 Bc4
0-1

[Event "Bergens SK Vårturnering 2020"]
[Site "Bergens Schakklub"]
[Date "2020.01.14"]
[Round "1"]
[White "Selbekk, Vebjørn"]
[Black "Høyforsslett, Gard Rye"]
[Result "1-0"]
[WhiteElo "1922"]
[BlackElo "1534"]
[PlyCount "89"]
[EventDate "2020.??.??"]

1. d4 d5 2. e3 Bf5 3. c4 c6 4. Nc3 Nf6 5. Nf3 e6 6. Bd3 Bxd3 7. Qxd3 Nbd7 8.
O-O Bd6 9. e4 dxe4 10. Nxe4 Nxe4 11. Qxe4 Nf6 12. Qh4 h6 13. Be3 Qc7 14. Rfe1
O-O-O 15. Ne5 g5 16. Qh3 Rdg8 17. Bd2 h5 18. b4 h4 19. Qf3 Qe7 20. c5 Bxe5 21.
Rxe5 g4 22. Qe2 Nd5 23. b5 g3 24. fxg3 hxg3 25. h3 cxb5 26. Rxd5 Qh4 27. Rd6 a6
28. a4 bxa4 29. Rxa4 Rd8 30. Raxa6 Rxd6 31. Rxd6 Qf6 32. c6 bxc6 33. Rxc6+ Kd7
34. Rc4 Rb8 35. Qf1 Qg6 36. Rc1 Qg7 37. Bc3 Rc8 38. Qb5+ Kd8 39. Ba5+ Ke7 40.
Qb7+ Kd6 41. Qb4+ Kd7 42. Qa4+ Ke7 43. Rxc8 Qg6 44. Bd8+ Kd6 45. Qc6#
1-0

[Event "Bergens SK Vårturnering 2020"]
[Site "Bergens Schakklub"]
[Date "2020.01.14"]
[Round "1"]
[White "Løvik, Lasse Østebø"]
[Black "Aagedal, Geir Ole"]
[Result "1-0"]
[WhiteElo "2368"]
[BlackElo "1705"]
[PlyCount "61"]
[EventDate "2020.??.??"]

1. d4 Nf6 2. c4 e6 3. g3 d5 4. Nf3 c5 5. Bg2 Nc6 6. Nc3 dxc4 7. Qa4 Bd7 8. Qxc4
Na5 9. Qd3 Bc6 10. O-O cxd4 11. Nxd4 Bxg2 12. Kxg2 Nc6 13. Qb5 Qc8 14. Bf4 a6
15. Qa4 Bc5 16. Nf3 O-O 17. Rac1 b5 18. Qc2 Nd4 19. Qd3 Qb7 20. Nxb5 Nxf3 21.
exf3 axb5 22. Rxc5 Rxa2 23. Rxb5 Qa7 24. Qb3 h6 25. Bd6 Ra8 26. Ba3 Rxa3 27.
bxa3 Qxa3 28. Rb8+ Kh7 29. Qb1+ g6 30. Qb7 Qa7 31. Qxa8
1-0

[Event "Bergens SK Vårturnering 2020"]
[Site "Bergens Schakklub"]
[Date "2020.01.21"]
[Round "2"]
[White "Mongstad, Dag"]
[Black "Larsen, Stig Børje"]
[Result "1/2-1/2"]
[WhiteElo "1521"]
[BlackElo "1758"]
[PlyCount "101"]
[EventDate "2020.??.??"]

1. e4 c6 2. d4 d5 3. Nc3 dxe4 4. Nxe4 Nf6 5. Nxf6+ exf6 6. Bc4 Bd6 7. Ne2 O-O
8. O-O Re8 9. Bf4 Be6 10. Bb3 Na6 11. c3 Nc7 12. Qd3 Nd5 13. Bxd6 Qxd6 14. Bc2
g6 15. Qf3 f5 16. Rfe1 Nf6 17. Bb3 Ne4 18. Rad1 Rad8 19. Qf4 Bxb3 20. Qxd6 Rxd6
21. axb3 Rde6 22. Kf1 Kf8 23. f3 Nf6 24. Nf4 R6e7 25. Rxe7 Rxe7 26. Ra1 a6 27.
b4 g5 28. Nd3 Nd5 29. Re1 Ne3+ 30. Kf2 f4 31. g3 fxg3+ 32. hxg3 Nf5 33. Rxe7
Kxe7 34. Nc5 Nd6 35. Ne4 h6 36. Nxd6 Kxd6 37. c4 h5 38. g4 h4 39. Kg2 Ke6 40.
Kh3 Kd6 41. Kg2 Kc7 42. b3 Kb6 43. Kf2 a5 44. bxa5+ Kxa5 45. Kg2 b5 46. c5 b4
47. Kf2 Ka6 48. Kg2 Kb7 49. Kh3 Kc7 50. f4 f6 51. f5
1/2-1/2

[Event "Bergens SK Vårturnering 2020"]
[Site "Bergens Schakklub"]
[Date "2020.01.21"]
[Round "2"]
[White "Christoffersen, Odd"]
[Black "Grønnestad, Anita"]
[Result "0-1"]
[WhiteElo "1597"]
[BlackElo "1950"]
[PlyCount "42"]
[EventDate "2020.??.??"]

1. d4 d5 2. Nf3 Nf6 3. c4 dxc4 4. Qa4+ Nbd7 5. Qxc4 a6 6. e3 e6 7. Be2 c5 8.
O-O b5 9. Qc2 Bb7 10. b3 Rc8 11. Qb2 Qc7 12. Bd2 Ng4 13. g3 h5 14. Be1 h4 15.
Nbd2 hxg3 16. hxg3 cxd4 17. Qxd4 Nde5 18. e4 Bc5 19. Qb2 Nxf3+ 20. Bxf3 Qxg3+
21. Bg2 Qh2#
0-1

[Event "Bergens SK Vårturnering 2020"]
[Site "Bergens Schakklub"]
[Date "2020.01.21"]
[Round "2"]
[White "Solli, Jarle"]
[Black "Rasmussen, Jonas H"]
[Result "0-1"]
[WhiteElo "1718"]
[BlackElo "1946"]
[PlyCount "120"]
[EventDate "2020.??.??"]

1. d4 Nf6 2. c4 c6 3. Nc3 d5 4. Nf3 a6 5. a4 e6 6. Qc2 a5 7. e4 dxe4 8. Nxe4
Bb4+ 9. Bd2 Na6 10. Bc3 O-O 11. Bd3 h6 12. Rd1 Be7 13. Nxf6+ Bxf6 14. c5 Nc7
15. O-O Nd5 16. Ne5 Bxe5 17. dxe5 Qe7 18. Bd2 Bd7 19. Qc4 b5 20. cxb6 Nxb6 21.
Qg4 f5 22. exf6 Qxf6 23. Bc3 Qf7 24. Bg6 Qe7 25. Be5 Nd5 26. Rd3 Be8 27. Rg3
Nf6 28. Qh3 Bxg6 29. Rxg6 Kh7 30. Qg3 Rad8 31. h4 Rd5 32. Bc3 Qf7 33. Rxf6 gxf6
34. Qe3 Rc8 35. Re1 e5 36. Qh3 Rcd8 37. Re3 Qg6 38. h5 Rd1+ 39. Kh2 Qb1 40. Be1
Rf8 41. Rg3 f5 42. Qh4 Rd7 43. Bc3 Qe4 44. Qxe4 fxe4 45. Re3 Rxf2 46. Rxe4 Rg7
47. Bxe5 Rgxg2+ 48. Kh3 Re2 49. Rc4 Rg5 50. Bc3 Rxh5+ 51. Kg4 Rg5+ 52. Kf3 Re6
53. Rf4 Kg6 54. Rf8 Re7 55. Rf6+ Kh5 56. Rxc6 Rf5+ 57. Kg3 Re4 58. Bf6 Rg4+ 59.
Kh3 Rg6 60. Rc4 Rgxf6
0-1

[Event "Bergens SK Vårturnering 2020"]
[Site "Bergens Schakklub"]
[Date "2020.01.21"]
[Round "2"]
[White "Sørensen, Simen"]
[Black "Eriksen, Olai Dyrhaug"]
[Result "1-0"]
[WhiteElo "2034"]
[BlackElo "1631"]
[PlyCount "93"]
[EventDate "2020.??.??"]

1. d4 Nf6 2. c4 c5 3. d5 b5 4. cxb5 a6 5. e3 axb5 6. Bxb5 Qa5+ 7. Nc3 Bb7 8.
Bd2 Qb6 9. Bc4 e6 10. e4 Nxe4 11. Nf3 Nxd2 12. Qxd2 Be7 13. O-O O-O 14. Rfe1
Na6 15. Re2 Nc7 16. Rd1 Bf6 17. Ne5 Rfd8 18. dxe6 dxe6 19. Nd7 Qc6 20. Nxf6+
gxf6 21. Qxd8+ Rxd8 22. Rxd8+ Kg7 23. f3 Nd5 24. Bxd5 exd5 25. Rxd5 Qc7 26. Rd1
Qf4 27. a3 f5 28. Nd5 Qc4 29. Red2 Qb3 30. Kh1 Bxd5 31. Rxd5 Qxb2 32. Rxc5 Qxa3
33. Rxf5 Qe3 34. h3 Qe6 35. Rg5+ Kf6 36. Rgd5 Kg7 37. R1d4 h6 38. Rg4+ Kh7 39.
Rh5 Qc6 40. Rgh4 Qc1+ 41. Kh2 Qc7+ 42. f4 Kg7 43. Rxh6 Qc4 44. R6h5 Qc7 45.
Rg5+ Kf6 46. Rh6+ Ke7 47. Rf5
1-0

[Event "Bergens SK Vårturnering 2020"]
[Site "Bergens Schakklub"]
[Date "2020.01.21"]
[Round "2"]
[White "Høyforsslett, Gard Rye"]
[Black "Aagedal, Geir Ole"]
[Result "0-1"]
[WhiteElo "1534"]
[BlackElo "1705"]
[PlyCount "72"]
[EventDate "2020.??.??"]

1. e4 c5 2. Nf3 g6 3. d4 cxd4 4. Nxd4 Bg7 5. Nc3 Nc6 6. Be3 Nf6 7. Be2 O-O 8.
Qd2 d6 9. f3 a6 10. h4 Nh5 11. g4 Ng3 12. Rh2 Nxe2 13. Ncxe2 Ne5 14. h5 Nc4 15.
Qc3 Nxe3 16. Qxe3 Qa5+ 17. c3 Qb6 18. Qd2 Be6 19. hxg6 hxg6 20. O-O-O Bxa2 21.
Rdh1 f6 22. b3 Qa5 23. Ng3 e5 24. Qxa2 Qxa2 25. Rxa2 exd4 26. cxd4 Rac8+ 27.
Kd2 Rc6 28. Rc1 Bh6+ 29. Kd3 Rxc1 30. Ne2 Rd1+ 31. Kc4 Rc8+ 32. Kd5 Rc6 33. b4
Rb1 34. f4 Rxb4 35. f5 Kf7 36. Ng3 Rb5#
0-1

[Event "Bergens SK Vårturnering 2020"]
[Site "Bergens Schakklub"]
[Date "2020.01.21"]
[Round "2"]
[White "Skålevik, Åsmund"]
[Black "Selbekk, Vebjørn"]
[Result "0-1"]
[WhiteElo "1505"]
[BlackElo "1922"]
[PlyCount "96"]
[EventDate "2020.??.??"]

1. e4 d6 2. d4 Nf6 3. Nc3 g6 4. f4 Bg7 5. Nf3 c6 6. Bd3 Na6 7. Bxa6 bxa6 8. O-O
O-O 9. e5 Nd5 10. Nxd5 cxd5 11. b3 Bf5 12. Bb2 Rc8 13. Rc1 Qb6 14. Kh1 Rc7 15.
c3 Rfc8 16. a3 Rb7 17. b4 Bh6 18. Nd2 dxe5 19. fxe5 Qb5 20. Ra1 Qd3 21. Nb3
Qxd1 22. Raxd1 Bc2 23. Nc5 Bxd1 24. Nxb7 Be2 25. Re1 Bc4 26. Nc5 a5 27. Bc1 Bf8
28. e6 f6 29. Bf4 g5 30. Bg3 h5 31. Re3 Bh6 32. Rf3 Kg7 33. Rf2 h4 34. Be5 fxe5
35. Rf7+ Kg6 36. dxe5 axb4 37. axb4 a5 38. Rxe7 axb4 39. cxb4 Bf8 40. Rf7 Bxc5
41. Rf6+ Kg7 42. bxc5 Rxc5 43. h3 d4 44. Rf7+ Kg8 45. Rd7 Rd5 46. e7 Kf7 47.
e6+ Ke8 48. Rb7 d3
0-1

[Event "Bergens SK Vårturnering 2020"]
[Site "Bergens Schakklub"]
[Date "2020.01.28"]
[Round "3"]
[White "Larsen, Stig Børje"]
[Black "Solli, Jarle"]
[Result "1/2-1/2"]
[WhiteElo "1758"]
[BlackElo "1718"]
[PlyCount "79"]
[EventDate "2020.??.??"]

1. e4 c5 2. Nc3 Nc6 3. f4 e6 4. Nf3 d5 5. Bb5 dxe4 6. Bxc6+ bxc6 7. Nxe4 Nf6 8.
Nf2 Bd6 9. d3 Qc7 10. g3 O-O 11. O-O c4 12. d4 a5 13. c3 c5 14. Be3 Rd8 15. Qe2
Bb7 16. Rad1 Qc6 17. Kg2 Nd5 18. Bc1 cxd4 19. Rxd4 Bc5 20. Rdd1 Bb6 21. Rde1
Nf6 22. h3 Bxf2 23. Qxf2 Rd3 24. Re3 Rad8 25. Kh2 Rd1 26. g4 Rxf1 27. Qxf1 Nd5
28. Re5 Ba8 29. Nd4 Qb7 30. Kg3 a4 31. a3 Nc7 32. Kh4 f6 33. Nxe6 Nxe6 34. Rxe6
Rd3 35. Re8+ Kf7 36. Qe2 Rxh3+ 37. Kxh3 Qh1+ 38. Kg3 Qg1+ 39. Kh3 Qh1+ 40. Kg3
1/2-1/2

[Event "Bergens SK Vårturnering 2020"]
[Site "Bergens Schakklub"]
[Date "2020.01.28"]
[Round "3"]
[White "Aagedal, Geir Ole"]
[Black "Christoffersen, Odd"]
[Result "0-1"]
[WhiteElo "1705"]
[BlackElo "1597"]
[PlyCount "74"]
[EventDate "2020.??.??"]

1. c4 Nf6 2. g3 c6 3. Bg2 d5 4. d4 g6 5. Nf3 Bg7 6. O-O O-O 7. Bf4 Ne4 8. Nc3
Nxc3 9. bxc3 Nd7 10. c5 Qa5 11. Nd2 Qxc3 12. Nf3 Qa5 13. Bd2 Qd8 14. Qa4 e5 15.
e3 e4 16. Nh4 Bf6 17. Ba5 Qe7 18. Bc7 Nxc5 19. dxc5 Qxc7 20. f4 Bxa1 21. Rxa1
f5 22. Bf1 Qg7 23. Rd1 Qc3 24. Qd4 Qxd4 25. Rxd4 b6 26. Ra4 bxc5 27. Ra5 Bd7
28. Rxc5 Rfb8 29. Ng2 a5 30. Ne1 Rb2 31. Nc2 Rxa2 32. Nd4 Rb2 33. h4 a4 34. h5
a3 35. hxg6 hxg6 36. Nxc6 Bxc6 37. Rxc6 Kf7
0-1

[Event "Bergens SK Vårturnering 2020"]
[Site "Bergens Schakklub"]
[Date "2020.01.28"]
[Round "3"]
[White "Grønnestad, Anita"]
[Black "Rasmussen, Jonas H"]
[Result "0-1"]
[WhiteElo "1950"]
[BlackElo "1946"]
[PlyCount "78"]
[EventDate "2020.??.??"]

1. d4 Nf6 2. Bg5 d5 3. Bxf6 exf6 4. e3 Bd6 5. c4 c6 6. cxd5 Bb4+ 7. Nc3 Qxd5 8.
Nge2 O-O 9. a3 Bxc3+ 10. Nxc3 Qe6 11. Bd3 f5 12. O-O Nd7 13. Ne2 Nf6 14. Nf4
Qd6 15. Qc2 Nd5 16. Ne2 g6 17. Rac1 f4 18. e4 f3 19. exd5 fxe2 20. Qxe2 Qxd5
21. Rfd1 Qe6 22. Qd2 Qf6 23. Qb4 Rd8 24. Be2 Be6 25. Qxb7 Bd5 26. Qc7 Re8 27.
Bf1 Re4 28. b4 Rg4 29. h3 Rg5 30. Rc3 Re8 31. Rg3 Rf5 32. Rd2 Re1 33. Rc2 Bc4
34. Rxc4 Rxf2 35. Qd8+ Qxd8 36. Kxf2 Rd1 37. Rd3 Qf6+ 38. Rf3 Qe6 39. Be2 Rd2
0-1

[Event "Bergens SK Vårturnering 2020"]
[Site "Bergens Schakklub"]
[Date "2020.01.28"]
[Round "3"]
[White "Eriksen, Olai Dyrhaug"]
[Black "Skålevik, Åsmund"]
[Result "1-0"]
[WhiteElo "1631"]
[BlackElo "1505"]
[PlyCount "73"]
[EventDate "2020.??.??"]

1. d4 Nf6 2. c4 e6 3. g3 Be7 4. Bg2 d5 5. Nf3 O-O 6. O-O b6 7. Nc3 Bb7 8. b3
Nbd7 9. Bb2 c5 10. cxd5 Nxd5 11. dxc5 Nxc5 12. Nxd5 Bxd5 13. Ne5 Bxg2 14. Kxg2
Bf6 15. Rc1 Qe8 16. Nc4 Bxb2 17. Nxb2 Qb5 18. Qc2 Rac8 19. Qc4 Qc6+ 20. f3 Qb7
21. Rfd1 Rc7 22. b4 Na6 23. Qd4 h6 24. Nc4 Qc6 25. Qf4 Qb5 26. a3 Rfc8 27. Nd6
Qxe2+ 28. Kg1 Rxc1 29. Rxc1 Rxc1+ 30. Qxc1 Qd3 31. Qc8+ Kh7 32. Nxf7 Qxa3 33.
Qxe6 Qxf3 34. Qe8 Nxb4 35. Qh8+ Kg6 36. Ne5+ Kf6 37. Nxf3
1-0

[Event "Bergens SK Vårturnering 2020"]
[Site "Bergens Schakklub"]
[Date "2020.01.28"]
[Round "3"]
[White "Selbekk, Vebjørn"]
[Black "Sørensen, Simen"]
[Result "0-1"]
[WhiteElo "1922"]
[BlackElo "2034"]
[PlyCount "99"]
[EventDate "2020.??.??"]

1. Nf3 d5 2. g3 Nf6 3. Bg2 Bf5 4. d3 e6 5. O-O Be7 6. Nbd2 O-O 7. e3 c5 8. Qe2
Nc6 9. e4 Bg4 10. c3 Qc7 11. h3 Bh5 12. g4 dxe4 13. dxe4 Bg6 14. Nh4 Nd7 15.
Nxg6 hxg6 16. Nf3 Rad8 17. Be3 a6 18. Rad1 b5 19. c4 Qb6 20. b3 e5 21. cxb5
axb5 22. Qb2 Nd4 23. b4 Nxf3+ 24. Bxf3 Qb8 25. Rd2 cxb4 26. Rfd1 Nb6 27. Rxd8
Rxd8 28. Rxd8+ Qxd8 29. Qxe5 Nc4 30. Qxb5 Nxe3 31. fxe3 Qd2 32. Qe8+ Bf8 33.
Qa8 Qxe3+ 34. Kg2 Qc1 35. Qd5 Qc2+ 36. Kf1 Qc1+ 37. Kg2 g5 38. e5 Bc5 39. Qd8+
Kh7 40. Qd3+ g6 41. Qf1 Qb2+ 42. Qe2 Qd4 43. Qe1 Qb2+ 44. Qe2 Qa1 45. Kg3 Bd4
46. Bd5 Qg1+ 47. Bg2 Qc1 48. Bd5 Qf4+ 49. Kg2 Bxe5 50. Qf3
0-1

[Event "Bergens SK Vårturnering 2020"]
[Site "Bergens Schakklub"]
[Date "2020.02.04"]
[Round "4"]
[White "Skålevik, Åsmund"]
[Black "Larsen, Stig Børje"]
[Result "0-1"]
[WhiteElo "1505"]
[BlackElo "1758"]
[PlyCount "72"]
[EventDate "2020.??.??"]

1. e4 c6 2. d4 d5 3. exd5 cxd5 4. Bd3 Nc6 5. c3 Qc7 6. Nf3 g6 7. O-O Nf6 8. Be3
Bg7 9. Nbd2 O-O 10. Re1 Ng4 11. h3 Nf6 12. Nb3 Bf5 13. Bxf5 gxf5 14. Qd3 Ne4
15. Nfd2 f4 16. Nxe4 dxe4 17. Bxf4 Qxf4 18. Rxe4 Qd6 19. Rae1 Rad8 20. Nc5 Qxc5
21. Qg3 Qd6 22. Qg5 Qg6 23. Qb5 Kh8 24. Rg4 Qd6 25. Rh4 f5 26. Qb3 Rf6 27. Rd1
Rg6 28. Qc2 Qd5 29. g4 Ne5 30. Rh5 Nf3+ 31. Kf1 Qc4+ 32. Kg2 Nxd4 33. Qb1 Qc6+
34. Kg1 Nf3+ 35. Kf1 Nd2+ 36. Ke1 Re6+
0-1

[Event "Bergens SK Vårturnering 2020"]
[Site "Bergens Schakklub"]
[Date "2020.02.04"]
[Round "4"]
[White "Christoffersen, Odd"]
[Black "Selbekk, Vebjørn"]
[Result "0-1"]
[WhiteElo "1597"]
[BlackElo "1922"]
[PlyCount "62"]
[EventDate "2020.??.??"]

1. Nf3 Nf6 2. c4 d6 3. g3 e5 4. d3 Nc6 5. Nc3 g6 6. Bg2 Bg7 7. O-O O-O 8. Rb1
d5 9. cxd5 Nxd5 10. Bd2 Nce7 11. Nxd5 Nxd5 12. Qc2 a5 13. a3 a4 14. Rbc1 c6 15.
Ng5 h6 16. Ne4 Nc7 17. Bb4 Re8 18. Nc5 Ne6 19. Nxe6 Bxe6 20. Bc3 Qd7 21. Bd2
Bb3 22. Qb1 e4 23. Bc3 exd3 24. exd3 Bd4 25. Bxd4 Qxd4 26. Rfe1 Rad8 27. Re4
Rxe4 28. dxe4 Qf6 29. f4 Rd2 30. e5 Qd8 31. Qe4 Bd5
0-1

[Event "Bergens SK Vårturnering 2020"]
[Site "Bergens Schakklub"]
[Date "2020.02.04"]
[Round "4"]
[White "Rasmussen, Jonas H"]
[Black "Sørensen, Simen"]
[Result "1/2-1/2"]
[WhiteElo "1946"]
[BlackElo "2034"]
[PlyCount "40"]
[EventDate "2020.??.??"]

1. d4 Nf6 2. Nf3 d5 3. g3 Bf5 4. Bg2 e6 5. O-O Be7 6. c4 c6 7. Nc3 O-O 8. Nd2
Nbd7 9. Re1 Qb6 10. e4 dxe4 11. Ndxe4 Nxe4 12. Bxe4 Bxe4 13. Nxe4 Rfd8 14. b3
Nf6 15. Bb2 Nxe4 16. Rxe4 Bf6 17. Qg4 a5 18. Rf4 Kh8 19. Rxf6 gxf6 20. Qh4 Kg7
1/2-1/2

[Event "Bergens SK Vårturnering 2020"]
[Site "Bergens Schakklub"]
[Date "2020.02.04"]
[Round "4"]
[White "Agustsson, Hafsteinn"]
[Black "Grønnestad, Anita"]
[Result "1/2-1/2"]
[WhiteElo "1799"]
[BlackElo "1950"]
[PlyCount "89"]
[EventDate "2020.??.??"]

1. e4 Nf6 2. e5 Nd5 3. d4 d6 4. Nf3 g6 5. c4 Nb6 6. Nc3 Bg7 7. exd6 cxd6 8. Be2
O-O 9. h3 Nc6 10. O-O Bf5 11. Be3 d5 12. b3 dxc4 13. bxc4 Rc8 14. Rc1 Na5 15.
c5 Nd5 16. Nxd5 Qxd5 17. Qa4 Qd8 18. Rfd1 Be4 19. Nd2 Bc6 20. Qb4 Bd5 21. Bf3
Nc6 22. Qxb7 Rb8 23. Qa6 Nb4 24. Qa3 a5 25. Bxd5 Qxd5 26. Nc4 Nc6 27. Nb6 Qd8
28. d5 Na7 29. Qxa5 Nc8 30. Bf4 Rb7 31. Rb1 g5 32. Bxg5 Be5 33. Be3 Kh8 34. Qd2
Bc7 35. Nxc8 Rxb1 36. Rxb1 Qxc8 37. Bh6 Rg8 38. d6 Qxh3 39. f3 Qf5 40. Rb7
Qxc5+ 41. Qe3 Bxd6 42. Qxc5 Bxc5+ 43. Kf1 Ra8 44. Rb5 Bd6 45. Rb2
1/2-1/2

[Event "Bergens SK Vårturnering 2020"]
[Site "Bergens Schakklub"]
[Date "2020.02.04"]
[Round "4"]
[White "Høyforsslett, Gard Rye"]
[Black "Mongstad, Dag"]
[Result "0-1"]
[WhiteElo "1534"]
[BlackElo "1521"]
[PlyCount "130"]
[EventDate "2020.??.??"]

1. e4 e5 2. Nf3 Nc6 3. d4 exd4 4. Nxd4 Nf6 5. Nxc6 bxc6 6. e5 Qe7 7. Qe2 Nd5 8.
c4 Ba6 9. b3 g6 10. g3 f6 11. exf6 Qxe2+ 12. Bxe2 Nxf6 13. O-O Bg7 14. Bb2 O-O
15. Nd2 d5 16. Rfe1 Rae8 17. Rad1 Ne4 18. Bxg7 Kxg7 19. Nxe4 Rxe4 20. Bf1 Rxe1
21. Rxe1 Kf6 22. f4 Rd8 23. Rc1 d4 24. c5 Bxf1 25. Kxf1 Re8 26. Rd1 Re4 27. Kf2
Ke6 28. Re1 Rxe1 29. Kxe1 Kd5 30. Kd2 Kxc5 31. Kd3 Kd5 32. h3 c5 33. g4 a5 34.
h4 h6 35. h5 gxh5 36. gxh5 Ke6 37. Ke4 Kf6 38. a3 Ke6 39. f5+ Kf6 40. Kf4 d3
41. Ke3 Kxf5 42. Kxd3 Kg5 43. Kc4 Kxh5 44. Kxc5 Kg4 45. b4 axb4 46. axb4 h5 47.
b5 h4 48. Kc6 h3 49. Kxc7 h2 50. b6 h1=Q 51. b7 Qc1+ 52. Kd8 Qf4 53. Kc8 Qf5+
54. Kc7 Qe5+ 55. Kc8 Qc5+ 56. Kd8 Qb6+ 57. Kc8 Qc6+ 58. Kb8 Kf5 59. Ka7 Qc7 60.
Ka8 Qa5+ 61. Kb8 Ke6 62. Kc8 Qa6 63. Kb8 Kd6 64. Kc8 Kc6 65. Kb8 Qxb7#
0-1

[Event "Bergens SK Vårturnering 2020"]
[Site "Bergens Schakklub"]
[Date "2020.02.11"]
[Round "5"]
[White "Larsen, Stig Børje"]
[Black "Demac, Elias"]
[Result "0-1"]
[WhiteElo "1758"]
[BlackElo "2202"]
[PlyCount "92"]
[EventDate "2020.??.??"]

1. e4 e5 2. Nf3 Nc6 3. Bc4 Nf6 4. d3 Be7 5. c3 O-O 6. Bb3 d5 7. Qe2 dxe4 8.
dxe4 h6 9. O-O Bc5 10. h3 Qe7 11. Re1 Nh5 12. Be3 Bxe3 13. Qxe3 Nf4 14. Nbd2
Rd8 15. Bc2 Rd6 16. Nf1 Rg6 17. Ng3 h5 18. h4 Bg4 19. Ng5 Rxg5 20. hxg5 Qxg5
21. Nh1 h4 22. g3 Rd8 23. Bd1 Rd3 24. gxf4 exf4 25. Qxd3 Be2+ 26. Qg3 hxg3 27.
Bxe2 Qh4 28. fxg3 fxg3 29. Kg2 Qh2+ 30. Kf3 Ne5+ 31. Ke3 g2 32. Rad1 g5 33. b3
Qf4+ 34. Kd4 Nc6+ 35. Kd3 Ne5+ 36. Kc2 Qxe4+ 37. Bd3 Qf3 38. Be4 gxh1=Q 39.
Bxf3 Qxf3 40. Rxe5 Qf4 41. Rdd5 Qh2+ 42. Kb1 f6 43. Rd8+ Kf7 44. Rd7+ Kg6 45.
Ree7 g4 46. Rh7 Qxh7 
0-1

[Event "Bergens SK Vårturnering 2020"]
[Site "Bergens Schakklub"]
[Date "2020.02.11"]
[Round "5"]
[White "Christoffersen, Odd"]
[Black "Høyforsslett, Gard Rye"]
[Result "0-1"]
[WhiteElo "1597"]
[BlackElo "1534"]
[PlyCount "84"]
[EventDate "2020.??.??"]

1. Nf3 d5 2. d4 Nf6 3. c4 c6 4. e3 Bf5 5. Nc3 e6 6. a3 Bd6 7. Bd2 O-O 8. Rc1
Nbd7 9. cxd5 cxd5 10. Qb3 Rb8 11. Be2 a6 12. O-O b5 13. Na2 Nb6 14. Ba5 Nfd7
15. Rc6 Qe7 16. Bb4 Bxb4 17. Qxb4 Qxb4 18. Nxb4 a5 19. Na6 Rbc8 20. Bxb5 Rxc6
21. Bxc6 Bd3 22. Nc5 Bxf1 23. Kxf1 Nxc5 24. dxc5 Nc4 25. Bb7 Rb8 26. c6 Nd6 27.
Ba6 Rb6 28. Bd3 Rxc6 29. b4 axb4 30. axb4 Rc3 31. Ke2 Rb3 32. b5 Nxb5 33. Nd4
Nxd4+ 34. exd4 Kf8 35. h4 h6 36. f4 Ke7 37. g4 Kd6 38. Ke3 f6 39. g5 hxg5 40.
hxg5 fxg5 41. fxg5 e5 42. dxe5+ Kxe5 
0-1